Les personnages de One Piece possédant un Logia ( avec images ) - Statistiques

Statistiques générales
  • Ce quiz a été pris 73 fois
  • Le résultat moyen est 12 sur 14
Statistiques - réponses
Par images Réponse % Correct
Ace
100%
Crocodile
98%
Sabo
98%
Smoker
98%
Ener
97%
Aokiji
95%
Barbe Noire
95%
Kizaru
92%
Akainu
89%
César Clown
87%
Caribou
83%
Monet
79%
Ryokugyu
60%
Karasu
59%
Aucun quiz correspondant
Distribution des résultats
% des personnes avec chaque résultat
Percentile par nombre de réponses
Votre historique - résultats
Vous n’avez pas pris ce quiz